书目信息 |
| 题名: |
果脯蜜饯加工技术
|
|
| 作者: | 朱维军 编著 | |
| 分册: | ||
| 出版信息: | 北京 金盾出版社 2013 |
|
| 页数: | 178页 | |
| 开本: | 21cm | |
| 丛书名: | ||
| 单 册: | ||
| 中图分类: | TS255.41 , TS255.4 | |
| 科图分类: | ||
| 主题词: | 果脯加工 | |
| 电子资源: | ||
| ISBN: | 978-7-5082-8508-5 | |
| 000 | 00884nam0 2200241 450 | |
| 001 | 2332391130 | |
| 005 | 20231212090030.68 | |
| 010 | @a978-7-5082-8508-5@d12.00CNY | |
| 100 | @a20140331d2013 em y0chiy50 ea | |
| 101 | 0 | @achi |
| 102 | @aCN@b110000 | |
| 105 | @ak a 000yy | |
| 200 | 1 | @a果脯蜜饯加工技术@Aguo pu mi jian jia gong ji shu@f朱维军编著 |
| 210 | @a北京@c金盾出版社@d2013 | |
| 215 | @a178页@d21cm | |
| 320 | @a有书目 (第178页) | |
| 330 | @a本书系统的介绍了果脯蜜饯食品加工的基础知识, 果脯蜜饯主要原辅料和添加剂要求, 果脯蜜饯加工原理与卫生要求, 果脯蜜饯一般加工技术, 各类果品类果脯蜜饯生产工艺流程及技术要点, 各类蔬菜类果脯蜜饯生产工艺流程及技术要点, 果脯蜜饯加工厂的建立于经营管理。 | |
| 606 | 0 | @a果脯加工 |
| 690 | @aTS255.41@v5 | |
| 690 | @aTS255.4@v4 | |
| 701 | 0 | @a朱维军@Azhu wei jun@4编著 |
| 801 | 0 | @aCN@b湖北三新@c20140331 |
| 905 | @aBZT@dTS255.4@e105 | |
| 果脯蜜饯加工技术/朱维军编著.-北京:金盾出版社,2013 |
| 178页;21cm |
| ISBN 978-7-5082-8508-5:12.00CNY |
| 本书系统的介绍了果脯蜜饯食品加工的基础知识, 果脯蜜饯主要原辅料和添加剂要求, 果脯蜜饯加工原理与卫生要求, 果脯蜜饯一般加工技术, 各类果品类果脯蜜饯生产工艺流程及技术要点, 各类蔬菜类果脯蜜饯生产工艺流程及技术要点, 果脯蜜饯加工厂的建立于经营管理。 |
| ● |
| 相关链接 |
|
|
|
正题名:果脯蜜饯加工技术
索取号:TS255.4/105
 
预约/预借
| 序号 | 登录号 | 条形码 | 馆藏地/架位号 | 状态 | 备注 |
| 1 | 2001593687 | 2001593687 | 辽三/辽宁北配(第三批)/2058/ [索取号:TS255.4/105] | 在馆 | |
| 2 | 2001593688 | 2001593688 | 辽三/辽宁北配(第三批)/2058/ [索取号:TS255.4/105] | 在馆 | |
| 3 | 2001593689 | 2001593689 | 辽三/辽宁北配(第三批)/2058/ [索取号:TS255.4/105] | 在馆 | |
| 4 | 2001593690 | 2001593690 | 辽三/辽宁北配(第三批)/2058/ [索取号:TS255.4/105] | 在馆 | |
| 5 | 2001593691 | 2001593691 | 辽三/辽宁北配(第三批)/2058/ [索取号:TS255.4/105] | 在馆 | |
| 6 | 2001593692 | 2001593692 | 辽三/辽宁北配(第三批)/2058/ [索取号:TS255.4/105] | 在馆 | |
| 7 | 2001593693 | 2001593693 | 辽三/辽宁北配(第三批)/2058/ [索取号:TS255.4/105] | 在馆 | |
| 8 | 2001593694 | 2001593694 | 辽三/辽宁北配(第三批)/2058/ [索取号:TS255.4/105] | 在馆 | |
| 9 | 2001593695 | 2001593695 | 辽三/辽宁北配(第三批)/2058/ [索取号:TS255.4/105] | 在馆 | |
| 10 | 2001593696 | 2001593696 | 辽三/辽宁北配(第三批)/2058/ [索取号:TS255.4/105] | 在馆 | |
| 11 | 2001593697 | 2001593697 | 辽三/辽宁北配(第三批)/2058/ [索取号:TS255.4/105] | 在馆 | |
| 12 | 2001593698 | 2001593698 | 辽三/辽宁北配(第三批)/2058/ [索取号:TS255.4/105] | 在馆 | |
| 13 | 2001593699 | 2001593699 | 辽三/辽宁北配(第三批)/2058/ [索取号:TS255.4/105] | 在馆 | |
| 14 | 2001593700 | 2001593700 | 辽三/辽宁北配(第三批)/2058/ [索取号:TS255.4/105] | 在馆 | |
| 15 | 2001593701 | 2001593701 | 辽三/辽宁北配(第三批)/2058/ [索取号:TS255.4/105] | 在馆 | |
| 16 | 2001593702 | 2001593702 | 辽三/辽宁北配(第三批)/2058/ [索取号:TS255.4/105] | 在馆 | |
| 17 | 2001593703 | 2001593703 | 辽三/辽宁北配(第三批)/2058/ [索取号:TS255.4/105] | 在馆 | |
| 18 | 2001593704 | 2001593704 | 辽三/辽宁北配(第三批)/2058/ [索取号:TS255.4/105] | 在馆 | |
| 19 | 2001593705 | 2001593705 | 辽三/辽宁北配(第三批)/2058/ [索取号:TS255.4/105] | 在馆 | |
| 20 | 2001593706 | 2001593706 | 辽三/辽宁北配(第三批)/2058/ [索取号:TS255.4/105] | 在馆 | |
| 21 | 2001593707 | 2001593707 | 辽三/辽宁北配(第三批)/2058/ [索取号:TS255.4/105] | 在馆 | |
| 22 | 2001593708 | 2001593708 | 辽三/辽宁北配(第三批)/2058/ [索取号:TS255.4/105] | 在馆 | |
| 23 | 2001593709 | 2001593709 | 辽三/辽宁北配(第三批)/2058/ [索取号:TS255.4/105] | 在馆 | |
| 24 | 2001593710 | 2001593710 | 辽三/辽宁北配(第三批)/2058/ [索取号:TS255.4/105] | 在馆 | |
| 25 | 2001593711 | 2001593711 | 辽三/辽宁北配(第三批)/2058/ [索取号:TS255.4/105] | 在馆 | |
| 26 | 2001593712 | 2001593712 | 辽三/辽宁北配(第三批)/2058/ [索取号:TS255.4/105] | 在馆 | |
| 27 | 2001593713 | 2001593713 | 辽三/辽宁北配(第三批)/2058/ [索取号:TS255.4/105] | 在馆 | |
| 28 | 2001593714 | 2001593714 | 辽三/辽宁北配(第三批)/2058/ [索取号:TS255.4/105] | 在馆 | |
| 29 | 2001593715 | 2001593715 | 辽三/辽宁北配(第三批)/2058/ [索取号:TS255.4/105] | 在馆 | |
| 30 | 2001593716 | 2001593716 | 辽三/辽宁北配(第三批)/2058/ [索取号:TS255.4/105] | 在馆 |